Every Premier League Goalscorer for Liverpool - Statistics

General Stats
  • This quiz has been taken 2,284 times
    124 since last reset
  • The average score is 79 of 161
Answer Stats
Player % Correct
Mohamed Salah
94%
Virgil van Dijk
94%
Roberto Firmino
93%
Andrew Robertson
92%
Gary McAllister
92%
Trent Alexander-Arnold
92%
Sadio Mané
91%
Hugo Ekitiké
90%
Florian Wirtz
89%
Steven Gerrard
89%
Dominik Szoboszlai
88%
Alexander Isak
86%
Alexis Mac Allister
85%
Curtis Jones
85%
Diogo Jota
85%
Darwin Núñez
83%
Jordan Henderson
83%
Ryan Gravenberch
83%
Cody Gakpo
82%
Ibrahima Konaté
82%
Jamie Carragher
82%
Luis Suárez
82%
Luis Díaz
81%
Milos Kerkez
81%
Wataru Endō
81%
Georginio Wijnaldum
80%
Alisson Becker
78%
Joël Matip
77%
Ian Rush
76%
James Milner
75%
Philippe Coutinho
75%
Daniel Sturridge
74%
Dejan Lovren
74%
Fernando Torres
74%
Michael Owen
74%
Robbie Fowler
74%
Xabi Alonso
72%
Harvey Elliott
70%
Raheem Sterling
69%
Divock Origi
68%
Fabinho
68%
Sami Hyypiä
68%
Adam Lallana
65%
Dirk Kuyt
65%
Nathaniel Clyne
64%
Alberto Moreno
61%
Conor Bradley
61%
Federico Chiesa
61%
Glen Johnson
61%
Martin Škrtel
61%
Lucas Leiva
60%
Peter Crouch
60%
Christian Benteke
59%
Daniel Agger
59%
Alex Oxlade-Chamberlain
58%
Andy Carroll
58%
John Arne Riise
58%
Mario Balotelli
58%
Emre Can
57%
Javier Mascherano
57%
Djibril Cissé
55%
John Barnes
55%
Mamadou Sakho
55%
Milan Baroš
55%
Rio Ngumoha
55%
Takumi Minamino
55%
Thiago Alcântara
55%
Luis García
53%
Markus Babbel
53%
Joe Allen
52%
Vladimír Šmicer
52%
Ryan Babel
51%
Xherdan Shaqiri
51%
Naby Keïta
50%
Rickie Lambert
50%
Steve McManaman
50%
Harry Kewell
49%
Steve Finnan
49%
Emile Heskey
48%
Álvaro Arbeloa
47%
Dietmar Hamann
47%
José Enrique
45%
Maxi Rodríguez
45%
Ragnar Klavan
44%
Jamie Redknapp
43%
Jordon Ibe
43%
Nathaniel Phillips
43%
Yossi Benayoun
43%
Lazar Marković
42%
Paul Ince
42%
Stewart Downing
42%
Danny Ings
41%
Fábio Aurélio
41%
Jarell Quansah
41%
Jon Flanagan
41%
Kolo Touré
41%
Charlie Adam
40%
Craig Bellamy
40%
El Hadji Diouf
40%
Phil Babb
40%
Patrik Berger
39%
Joe Cole
38%
Stan Collymore
38%
Stefan Bajčetić
38%
Fabio Borini
36%
Jonjo Shelvey
36%
Fernando Morientes
35%
Nicolas Anelka
35%
Raul Meireles
35%
Robbie Keane
35%
Alberto Aquilani
34%
Jermaine Pennant
34%
Danny Murphy
33%
David N’Gog
33%
Dominic Solanke
33%
Fábio Carvalho
32%
Albert Riera
31%
Mark Wright
31%
Florent Sinama Pongolle
30%
Mohamed Sissoko
30%
Abel Xavier
27%
Andrea Dossena
27%
Neil Ruddock
27%
Nick Barmby
27%
Sebastián Coates
27%
Boudewijn Zenden
26%
Salif Diao
26%
Jari Litmanen
25%
Michael Thomas
25%
Neil Mellor
25%
Sotirios Kyrgiakos
25%
Victor Moses
25%
Andriy Voronin
24%
Karl-Heinz Riedle
24%
Stig Inge Bjørnebye
24%
Jason McAteer
23%
David Thompson
22%
Igor Bišćan
22%
Jan Mølby
22%
Mark González
22%
Titi Camara
22%
Nigel Clough
20%
Stephen Warnock
20%
Bruno Cheyrou
19%
Nuri Şahin
19%
Christian Ziege
18%
Ronnie Whelan
18%
John Scales
17%
Mark Walters
17%
Paul Stewart
17%
Steve Nicol
17%
David Burrows
16%
Dean Saunders
16%
Don Hutchison
16%
Julian Dicks
16%
Øyvind Leonhardsen
16%
Vegard Heggem
16%
Mike Marsh
14%
Steve Harkness
14%
Ronnie Rosenthal
11%
Dominic Matteo
9%
No matching quizzes found
Score Distribution
Percent of People with Each Score
Percentile by Number Answered
Your Score History
You have not taken this quiz since the last reset